Statistics for 2020 MLB Playoff Teams

Click here to take the quiz!

General Stats

  • This quiz has been taken 296 times
    (281 since last reset)
  • The average score is 13 of 16

Answer Stats

LeagueSeedTeam% Correct
NL1Los Angeles Dodgers
98%
AL2Oakland Athletics
95%
AL6Houston Astros
92%
AL5New York Yankees
92%
NL2Atlanta Braves
90%
AL1Tampa Bay Rays
86%
NL3Chicago Cubs
85%
NL7Cincinnati Reds
83%
NL4San Diego Padres
83%
NL6Miami Marlins
81%
NL5St. Louis Cardinals
81%
AL7Chicago White Sox
80%
NL8Milwaukee Brewers
77%
AL3Minnesota Twins
75%
AL4Cleveland Indians
74%
AL8Toronto Blue Jays
71%

Score Distribution

Percentile by Number Answered

Percent of People with Each Score

Your Score History

You have not taken this quiz since the last reset